000 00314nam a2200157Ia 4500
100 _aRuskin Bond
650 _aFiciton
942 _cBK
366 _f20
654 _adelhi
245 _aDelhi is not far.
260 _bPenquin books
_c1994
082 _a808.83/RUS
_bRUS
300 _a428
546 _aENGLISH
999 _c28908
_d28908